000 00599nam a2200229Ia 4500
003 OSt
005 20220918221228.0
006 a|||||r|||| 00| 0
007 ta
008 220917b |||||||| |||| 00| 0 eng d
024 _a148,853
037 _cTextual
040 _aARTS
_cARTS
_beng
041 _2eng
_aeng
082 _aTz7, K7
100 _aBereday George Z F ed
_9139640
245 0 _aEssays on world education
_b the crisis of supply and demand
260 _c1967
650 _aEDUCATION
942 _hTz7, K7
_cTEXL
_2CC
999 _c271529
_d271529